| 000 | 00929cam a22002771 4500 | ||
|---|---|---|---|
| 001 | gs 54000291 | ||
| 003 | DLC | ||
| 005 | 20260227111402.0 | ||
| 008 | 780906s1954 xx 000 0 eng c | ||
| 010 | _ags 54000291 | ||
| 035 | _a(OCoLC)4201813 | ||
| 040 |
_aU.S. Geol. Survey. Libr. _cScCC _dDLC |
||
| 042 | _apremarc | ||
| 050 | 0 | 0 |
_aQE129 _b.A2 no. 79 |
| 082 |
_a*551.76 _a551.77 |
||
| 100 | 1 | _aNunnally, Jeff Dorris. | |
| 245 | 1 | 0 |
_aLower Cretaceous stratigraphy of Mississippi, _cby Jeff Dorris Nunnally and Henry Florey Fowler. |
| 260 |
_aUniversity [Miss.] _c1954. |
||
| 300 |
_a45 p. _bplates, maps, tables. _c23 cm. |
||
| 410 | 2 | 0 |
_aMississippi Geological, Economic, and Topographical Survey _tBulletin _v79 |
| 504 | _a"References": p. 45. | ||
| 650 | 0 |
_aGeology _zMississippi. |
|
| 650 | 0 |
_aGeology, Stratigraphic _yCretaceous. |
|
| 650 | 0 |
_aPetroleum _xGeology _zMississippi. |
|
| 700 | 1 | _aFowler, Henry Florey. | |
| 999 |
_c28904 _d28904 |
||